000 02967cam a2200313 4500500
005 20251228063900.0
041 _afre
042 _adc
100 1 0 _aRoussie, Marie
_eauthor
700 1 0 _aAdam-Ledunois, Sonia
_eauthor
700 1 0 _aDamart, Sébastien
_eauthor
245 0 0 _aLa science-fiction, levier de transformation organisationnelle
260 _c2024.
500 _a100
520 _aScience Fiction attracts organizations and researchers. However, little is known about the modalities of its production and their implications for commissioning institutions. This article aims to study the effects produced on an organization during the co-design process of SciFi involving both internal and external actors. It examines the creation of Red Team Défense fictions for the French Ministry of Armed Forces and identifies the impacts of this process on its members. The methodology, qualitative in nature, systematically analyzes the participation of ministry members throughout the narrative production process. The creative frictions, the confrontation of perspectives between internal and external actors, are identified and characterized. The analysis focuses on internal actors, although another perspective could have been explored, such as that of the authors, which offers a potential avenue for future research. JEL Codes: O310
520 _aLa science-fiction institutionnelle (SFI) intéresse organisations et chercheurs. Peu de connaissances sont établies néanmoins quant à ses modalités de production et leurs implications pour les institutions commanditaires. Cet article propose d’étudier les effets produits sur une organisation lors du processus de co-conception de SFI impliquant acteurs internes et externes. Il analyse la conception de fictions Red Team Défense du ministère des Armées françaises. Il qualifie les effets induits par ce processus sur les membres de l’organisation militaire. La méthodologie, qualitative, permet d’analyser de façon systématique les interventions des membres du ministère au cours de la production des récits. Les frottements créatifs, la confrontation des regards des acteurs internes et externes impliqués, sont identifiés et qualifiés. L’analyse est centrée en effet sur les acteurs internes. Un autre angle de lecture aurait pu être mis à l’étude, celui des auteurs, prolongement possible de cette recherche.
690 _acréativité
690 _aétudes de cas
690 _ainnovation ouverte
690 _aScience-fiction institutionnelle
690 _atransformation
690 _aCase Studies
690 _aCreativity
690 _aInstitutional Science Fiction
690 _aOpen Innovation
690 _aTransformation
786 0 _nMarché et organisations | Pub. anticipées | 2024-12-31 | p. I147-XXXIV | 1953-6119
856 4 1 _uhttps://shs.cairn.info/revue-marche-et-organisations-2025-0-page-I147?lang=fr&redirect-ssocas=7080
999 _c1588891
_d1588891